Základné povinnosti zamestnanca

Zamestnanec je povinný pracovať riadne a zodpovedne. Príchod a odchod z práce. Povinnosť hospodáriť riadne s prostriedkami, ktoré mu zveril zamestnávateľ. Povinnosť mlčanlivosti. Informačné povinnosti.

Salvato in:
Dettagli Bibliografici
Autore principale: Kovalčíková, Martina
Natura: Capitolo di libro
Lingua:slovacco
Soggetti:
Tags: Aggiungi Tag
Nessun Tag, puoi essere il primo ad aggiungerne!!

MARC

LEADER 00000naa a2200000 4500
001 0228135
005 20220805074309.4
041 0 |a slo 
044 |a SK 
245 1 0 |a Základné povinnosti zamestnanca  |c Martina Kovalčíková 
520 |a Zamestnanec je povinný pracovať riadne a zodpovedne. Príchod a odchod z práce. Povinnosť hospodáriť riadne s prostriedkami, ktoré mu zveril zamestnávateľ. Povinnosť mlčanlivosti. Informačné povinnosti. 
610 2 0 |a zamestnanci 
610 2 0 |a povinnosti pracovníkov 
100 1 |a Kovalčíková, Martina